| 000 | 01333cam a2200301 a 4500 | ||
|---|---|---|---|
| 001 | 15815759 | ||
| 003 | GBCCL | ||
| 005 | 20241126110359.0 | ||
| 008 | 090714s2009 maua d 000 0 mul | ||
| 010 | _a 2009028690 | ||
| 020 | _a9781565635166 (Hendrickson Publishers : alk. paper) | ||
| 020 | _a9783438051363 (Deutsche Bibelgesellschaft : alk. paper) | ||
| 040 |
_aDLC _cDLC _dDLC |
||
| 050 | 0 | 0 |
_aBS744 _b.T38 2009 |
| 082 | 0 | 0 |
_a221.4803 _222 _bTAY |
| 100 | 1 |
_aTaylor, Bernard A. _q(Bernard Alwyn), _d1944- _92703 |
|
| 245 | 1 | 0 |
_aAnalytical lexicon to the Septuagint / _cBernard A. Taylor ; with word definitions by [Johan Lust, Erik Eynikel, and Katrin Hauspie]. |
| 250 | _aExpanded ed. | ||
| 260 |
_aPeabody, Mass. : _bHendrickson Publishers, Inc. ; _aStuttgart, Germany : _bDeutsche Bibelgesellschaft, _cc2009. |
||
| 300 |
_axxx, 591 p. : _bill. ; _c25 cm. |
||
| 505 | 0 | _aOverview -- Nouns -- Transliterations -- Adjectives -- Verbs -- Using the lexicon. | |
| 630 | 0 | 0 |
_aBible. _pOld Testament. _lGreek _xVersions _xSeptuagint. _92704 |
| 650 | 0 |
_aGreek language, Biblical _xParsing. _92705 |
|
| 650 | 0 |
_aGreek language, Biblical _vDictionaries. _92706 |
|
| 906 |
_a7 _bcbc _corignew _d1 _eecip _f20 _gy-gencatlg |
||
| 942 |
_2ddc _cLAN |
||
| 999 |
_c1368 _d1368 |
||